| 000 | 00703nam a22002057a 4500 | ||
|---|---|---|---|
| 999 |
_c167407 _d167407 |
||
| 005 | 20220215152049.0 | ||
| 010 | _aENG-126384 | ||
| 020 |
_c1395.00 _a978-93-5290-597-3 |
||
| 035 | _aEN-109916 | ||
| 037 | _bDBAD/PUB | ||
| 082 | _a954 | ||
| 245 |
_aEarly Indian History And Beyond: _bEssays in Honour of B.D. Chattopadhyaya/ _cedited by Osmund Bopearachchi [and] Suchandra Ghosh |
||
| 260 |
_bPrimus Books _c2019 _aDelhi |
||
| 270 |
_aVirat Bhavan, Mukherjee Nagar Commercial Complex _bDelhi _e110009 |
||
| 300 |
_axiii592p. _c24cm(hb) |
||
| 500 | _aIncludes index and bibliography. | ||
| 700 | _aBopearachchi, Osmund | ||
| 700 | _aGhosh, Suchandra | ||
| 942 |
_2ddc _cEN _h954 _mEAR |
||